00865cam a2200241 a 450000100060000000300080000600500170001400800410003103500190007204000320009104100080012308200280013124501070015926000660026630000290033250400510036165000310041265000370044365000530048070000210053370000260055483000430058051769BD-RjUL20211209075718.0160903s2004 ii b b 001 0 eng  a(BD-RjUL)51889 aDLCcDLCdDLCdBD-RjULbeng aeng00a303.40954223bMIG 200410aMigration, modernity, and social transformation in South Asia /ceditors, Filippo Osella, Katy Gardner aNew Delhi ;aThousand Oaks, Calif. :bSage Publication,c2004 axlviii, 380 p. ;c23 cm. aIncludes bibliographical references and index. 0aSocial changezSouth Asia. 0aMigration, InternalzSouth Asia. 0aMigration, InternalxSocial aspectszSouth Asia.1 aOsella, Filippo.1 aGardner, Katy,d1964- aContributions to Indian sociology.v11